000
00506nam a2200169Ia 4500
008
090711s9999 xx 000 0 und d
082
_b
32859
100
_a
भावे पुरुषोत्तम भा.
245
_a
अमर वेल
260
_c
1974
300
_a
179
600
_a
भावे पुरुषोत्तम भा.
630
_a
अमर वेल
700
_a
भावे पुरुषोत्तम भा.
730
_a
अमर वेल
942
_c
BOOK
999
_c
290033
_d
290033